[Event "Défi"]
[Site "www.echecsemail.com"]
[Date "2026.02.05"]
[Round "1"]
[White "Gilberthellemans"]
[Black "Artistepeintre"]
[WhiteElo "1570"]
[BlackElo "1550"]
[Result "1-0"]
1.e4 e5
2.d4 exd4
3.Bf1c4 c5
4.Qd1f3 Qd8e7
5.c3 Nb8c6
6.Bc4d5 Nc6e5
7.Qf3d1 h6
8.cxd4 cxd4
9.Qd1xd4 Ng8f6
10.Bd5b3 Ne5c6
11.Qd4e3 Nc6e5
12.Nb1c3 Nf6g4
13.Qe3e2 d6
14.Nc3d5 Qe7d7
15.Ng1h3 g5
16.f3 Ne5xf3
17.gxf3 Ng4e5
18.Bc1e3 Qd7xh3
19.Nd5c7 Ke7
20.Nc7xa8 Ne5xf3
21.Kd1 Bf8g7
22.Rh1f1 Nf3xh2
23.Rf1xf7 Kd8
24.Rf7xg7 Bc8g4
25.Qe2xg4 Qh3f1
26.Kc2 Nh2xg4
27.Ra1xf1 Ng4xe3
28.Kc1 Ne3xf1
29.Bb3d5 Nf1e3
30.Bd5xb7 g4
31.Na8c7 h5
32.Bb7a6 h4
33.Kd2 g3
34.Nc7e6 Ke8
35.Kxe3 Rh8h5
36.Ne6f4 Rh5a5
37.Ba6c4 Kf8
38.Rg7g4 h3
39.Rg4xg3 h2
40.Rg3h3 Ra5a4
41.Bc4b3 Ra4b4
42.Rh3xh2 a5
43.Nf4d5 Rb4b7
44.Nd5c3 Ke7
45.Bb3d5 Rb7b8
46.b3 Kf6
47.a4 Ke7
48.Nc3b5 Kd7
49.Kd4 Rb8e8
50.Rh2h7 Kd8
51.Nb5xd6 Re8e7
52.Nd6b7 Kd7
53.Rh7xe7 Kxe7
54.Nb7xa5 Kd6
55.b4 { abandon }1-0

[Event "Tournoi n27380"]
[Site "www.echecsemail.com"]
[Date "2026.02.06"]
[Round "1"]
[White "Oranmore"]
[Black "Willkommen54"]
[WhiteElo "1900"]
[BlackElo "2020"]
[Result "1-0"]
1.Ng1f3 Ng8f6
2.b3 e6
3.d3 d5
4.Bc1b2 Bf8e7
5.e3 O-O
6.Bf1e2 Nb8d7
7.O-O c5
8.Nb1d2 a6
9.c4 b5
10.d4 b4
11.dxc5 Nd7xc5
12.Qd1c2 Bc8b7
13.Rf1d1 Qd8b6
14.Bb2d4 Ra8c8
15.h3 Qb6c7
16.Bd4e5 Qc7b6
17.Be5d4 Qb6c6
18.h4 a5
19.g3 Nc5e4
20.Ra1c1 Ne4xd2
21.Qc2xd2 Qc6e8
22.cxd5 Bb7xd5
23.Rc1xc8 Qe8xc8
24.Rd1c1 Qc8b7
25.Nf3e1 Rf8c8
26.f3 Qb7b8
27.Rc1xc8 Qb8xc8
28.e4 Bd5b7
29.Qd2c2 Qc8b8
30.e5 Nf6d7
31.f4 Be7d8
32.Be2d3 g6
33.h5 Qb8c7
34.hxg6 hxg6
35.Qc2xc7 Bd8xc7
36.Kf2 Bc7b6
37.Ke3 Kf8
38.Bd3e4 Bb6xd4
39.Kxd4 Bb7xe4
40.Kxe4 Ke7
41.g4 Nd7b6
42.Ne1d3 Nb6d5
43.Kd4 Nd5c3
44.Nd3b2 Nc3xa2
45.Nb2c4 a4
46.bxa4 b3
47.Nc4b2 Kd7
48.Kc4 Na2c1
49.Nb2d3 Nc1e2
50.Kxb3 Kc6
51.Kc4 Kb6
52.Kb4 Ne2d4
53.a5 Kb7
54.Nd3c5 Ka7
55.g5 Nd4e2
56.Nc5d3 Kb7
57.Kb5 Ne2d4
58.Kc4 Nd4c6
59.Nd3c5 Ka7
60.Nc5e4 Nc6xa5
61.Kc5 Na5b7
62.Kc6 Kb8
63.Ne4d6 Nb7d8
64.Kd7 { abandon }1-0

[Event "Transval 2"]
[Site "www.echecsemail.com"]
[Date "2026.02.06"]
[Round "1"]
[White "39wx"]
[Black "Abelito"]
[WhiteElo "1620"]
[BlackElo "1580"]
[Result "1-0"]
1.e4 e5
2.Bf1c4 Bf8c5
3.Ng1f3 Nb8c6
4.a3 Ng8f6
5.d3 d6
6.Bc1e3 b6
7.b4 Bc5d4
8.Nf3xd4 exd4
9.Be3d2 a6
10.O-O b5
11.Bc4a2 d5
12.exd5 Nf6xd5
13.Rf1e1 Nd5e7
14.Qd1f3 O-O
15.Bd2c1 a5
16.Bc1d2 a4
17.Bd2g5 Bc8b7
18.Bg5xe7 Nc6e5
19.Be7xd8 Ne5xf3
20.gxf3 Rf8xd8
21.Nb1d2 Bb7d5
22.Ba2xd5 Rd8xd5
23.Ra1c1 c5
24.bxc5 Rd5xc5
25.Nd2e4 Rc5f5
26.Ne4d6 Rf5g5
27.Kh1 h6
28.Re1e8 Ra8xe8
29.Nd6xe8 { abandon }1-0

[Event "Eq:Les Gens du Sud-Vikings :"]
[Site "www.echecsemail.com"]
[Date "2026.02.06"]
[Round "1"]
[White "Silveur"]
[Black "Moutarde18"]
[WhiteElo "1830"]
[BlackElo "2050"]
[Result "0-1"]
1.Ng1f3 d5
2.g3 Ng8f6
3.Bf1g2 e6
4.O-O c5
5.Rf1e1 Nb8c6
6.d3 Bf8e7
7.c3 O-O
8.Qd1c2 Bc8d7
9.e4 Ra8c8
10.h3 h6
11.e5 Nf6e8
12.a3 b6
13.Nb1d2 Qd8c7
14.Nd2f1 Nc6a5
15.c4 dxc4
16.dxc4 Bd7c6
17.Bc1d2 Na5b7
18.g4 Rc8d8
19.Bd2c3 Qc7c8
20.Nf1g3 Ne8c7
21.Ng3h5 g6
22.Nh5f6 Be7xf6
23.exf6 Nb7d6
24.b3 Nc7e8
25.Nf3h4 Kh7
26.f4 Qc8b7
27.f5 exf5
28.gxf5 Nd6xf5
29.Nh4xf5 Bc6xg2
30.Qc2xg2 Qb7xg2
31.Kxg2 gxf5
32.Re1e7 Ne8d6
 { temps }0-1

[Event "Défi( 10J+24H/c 10J Max )"]
[Site "www.echecsemail.com"]
[Date "2026.02.06"]
[Round "1"]
[White "Minon"]
[Black "Poison"]
[WhiteElo "1910"]
[BlackElo "1070"]
[Result "1-0"]
1.e4 e5
2.Ng1f3 d6
3.Bf1c4 Bc8g4
4.h3 Bg4xf3
5.Qd1xf3 Ng8f6
6.Nb1c3 Nb8c6
7.Nc3d5 Nc6d4
8.Nd5xf6 gxf6
9.Qf3d3 Bf8g7
10.c3 Nd4e6
11.Bc4xe6 fxe6
12.Qd3b5 Kf8
13.Qb5xb7 h5
14.Qb7b5 Bg7h6
15.d3 f5
16.Bc1xh6 Kg8
17.Bh6d2 f4
18.d4 a6
19.Qb5e2 Qd8g5
20.g3 exd4
21.Bd2xf4 Qg5f6
22.e5 dxe5
23.Bf4xe5 Qf6f5
24.Be5xh8 Kxh8
25.g4 hxg4
26.hxg4 Kg7
27.gxf5 exf5
28.Qe2e7 Kg6
29.Qe7h7 Kf6
30.Rh1h6 Ke5
31.Qh7g7 Ke4
32.Rh6e6 Kd3
33.Qg7xd4 Kc2
34.Qd4d2 1-0

[Event "Transval 2"]
[Site "www.echecsemail.com"]
[Date "2026.02.06"]
[Round "1"]
[White "39wx"]
[Black "Woluwe1975"]
[WhiteElo "1620"]
[BlackElo "1630"]
[Result "1/2-1/2"]
1.Nb1c3 Ng8f6
2.e4 e5
3.Bf1c4 c6
4.d3 d6
5.a3 b5
6.Bc4a2 a6
7.Ng1f3 Bc8b7
8.h3 Nb8d7
9.Bc1e3 Bf8e7
10.O-O h6
11.Nf3h4 g6
12.Nh4f3 Qd8c7
13.Nf3h2 d5
14.exd5 cxd5
15.Nh2g4 d4
16.Be3d2 dxc3
17.Bd2xc3 Nf6xg4
18.Qd1xg4 Qc7d6
19.Rf1e1 h5
20.Qg4e2 Qd6c6
21.Qe2e4 Qc6xe4
22.dxe4 O-O
23.Ra1d1 Rf8d8
24.b4 Be7f6
25.Kf1 Nd7b6
26.f3 Kg7
27.g3 Nb6a4
28.Bc3a1 Rd8xd1
29.Re1xd1 Bb7c8
30.Rd1d6 Bc8xh3
31.Kf2 Ra8c8
32.Ba2b3 Bh3e6
33.Rd6xa6 Na4c3
34.Ba1xc3 Rc8xc3
35.Bb3xe6 Rc3xc2
36.Kf1 Rc2c3
37.Ke2 fxe6
38.Ra6b6 Rc3xa3
39.Rb6xb5 Kh6
40.Rb5b6 Ra3a2
41.Kf1 Ra2a1
42.Ke2 Ra1a2
43.Kf1 Ra2a1
44.Ke2 Ra1a2
45.Kf1 1/2-1/2

[Event "Transval"]
[Site "www.echecsemail.com"]
[Date "2026.02.06"]
[Round "1"]
[White "4x4"]
[Black "Karting"]
[WhiteElo "1460"]
[BlackElo "1590"]
[Result "0-1"]
1.e4 e5
2.f4 d5
3.d3 dxe4
4.dxe4 Qd8xd1
5.Kxd1 exf4
6.Ng1f3 Nb8c6
7.Bc1xf4 Bc8e6
8.Nb1c3 O-O-O
9.Bf1d3 Ng8f6
10.Ke2 Nf6h5
11.Bf4g3 Nh5xg3
12.hxg3 h6
13.Ra1d1 Be6g4
14.Kf2 Bg4xf3
15.gxf3 Bf8c5
16.Kg2 a6
17.a3 Bc5a7
18.Bd3c4 Nc6e5
19.Bc4d5 h5
20.f4 Ne5g4
21.Kf3 Ng4f2
22.Rd1f1 Nf2xh1
23.Rf1xh1 f6
24.Bd5e6 Kb8
25.Rh1d1 Rd8xd1
26.Nc3xd1 g5
27.f5 Rh8d8
28.Nd1c3 Rd8d2
29.g4 h4
30.Nc3e2 Rd2xc2
31.Ne2c3 h3
32.Nc3e2 Rc2xe2
33.Kxe2 h2
34.Kd3 h1Q
35.Be6d5 Qh1f3
36.Kc4 b5
37.Kb4 Qf3d3
38.b3 Qd3d2
0-1

[Event "Défi"]
[Site "www.echecsemail.com"]
[Date "2026.02.06"]
[Round "1"]
[White "Bassdark"]
[Black "Rocketman"]
[WhiteElo "2030"]
[BlackElo "2000"]
[Result "1-0"]
1.d4 Ng8f6
2.Bc1f4 g6
3.e3 Bf8g7
4.Nb1d2 d6
5.Ng1f3 O-O
6.Bf1d3 Rf8e8
7.c3 Nb8c6
8.O-O h6
9.Qd1c2 Nf6h5
10.Bf4g3 e5
11.dxe5 Nc6xe5
12.Bg3xe5 dxe5
13.Ra1d1 c6
14.Bd3c4 Bc8e6
15.Bc4xe6 Re8xe6
16.Nd2e4 Qd8c7
17.Ne4c5 Re6d6
18.Rd1xd6 Qc7xd6
19.Nc5xb7 Qd6d5
20.b4 e4
21.Rf1d1 Qd5c4
22.Nf3d4 Nh5f6
23.Nb7c5 Ra8c8
24.Qc2b3 Qc4xb3
25.Nc5xb3 Nf6d5
26.Rd1c1 Kf8
27.a4 Ke7
28.Nb3d2 a6
29.Nd2xe4 Bg7xd4
30.exd4 Nd5f4
31.Rc1e1 Nf4d3
32.Re1e3 Nd3b2
33.f4 Nb2c4
34.Re3e2 Kf8
35.Ne4c5 a5
36.bxa5 Nc4xa5
37.Kf2 Na5c4
38.Nc5d7 Kg7
39.Kf3 Rc8c7
40.Nd7c5 Rc7a7
41.g4  { temps }1-0

[Event "Tournoi échelle division 2"]
[Site "www.echecsemail.com"]
[Date "2026.02.06"]
[Round "1"]
[White "Nbelnico"]
[Black "Chesslife"]
[WhiteElo "1710"]
[BlackElo "1660"]
[Result "0-1"]
1.e4 c5
2.Ng1f3 Nb8c6
3.e5 e6
4.c4 d5
5.cxd5 exd5
6.Bf1b5 a6
7.Bb5xc6 bxc6
8.O-O Bc8e6
9.d4 cxd4
10.Nf3xd4 Ra8c8
11.Qd1h5 g6
12.Qh5f3 Bf8g7
13.Bc1f4 Ng8e7
14.Nb1c3 O-O
15.Bf4g5 Qd8e8
16.Nc3a4 c5
17.Nd4xe6 fxe6
18.Qf3e3 d4
19.Qe3b3 Ne7d5
20.Qb3d3 Bg7xe5
21.a3 c4
22.Qd3h3 Be5f4
23.Bg5xf4 Nd5xf4
24.Qh3g3 Nf4e2
25.Kh1 Ne2xg3
26.hxg3 d3
27.Na4c3 e5
28.Nc3e4 Qe8c6
29.Ne4d2 c3
30.bxc3 Qc6xc3
31.Nd2e4 Qc3d4
32.Ne4d2 Rf8xf2
33.Nd2f3 Rf2xf1
34.Ra1xf1 Qd4b2
35.Rf1d1 e4
36.Nf3d2 e3
{ abandon }0-1

[Event "Défi"]
[Site "www.echecsemail.com"]
[Date "2026.02.06"]
[Round "1"]
[White "Superman"]
[Black "Tinenfant"]
[WhiteElo "1800"]
[BlackElo "1870"]
[Result "1-0"]
1.e4 e6
2.d4 d5
3.e5 c5
4.c3 Nb8c6
5.Bf1b5 Qd8b6
6.Bb5xc6 bxc6
7.Ng1f3 Bc8a6
8.Nb1d2 cxd4
9.cxd4 Ng8h6
10.Nd2b3 Nh6f5
11.g4 Nf5e7
12.Bc1f4 Ne7g6
13.Bf4e3 Bf8b4
14.Nb3d2 O-O
15.a3 Bb4e7
16.b4 Ra8c8
17.Ra1c1 h6
18.Nd2b3 Rc8c7
19.Nf3d2 Rf8c8
20.f4  { temps }1-0

[Event "Tournoi n27438"]
[Site "www.echecsemail.com"]
[Date "2026.02.06"]
[Round "1"]
[White "Zadkine1"]
[Black "Wenoketo"]
[WhiteElo "1710"]
[BlackElo "1730"]
[Result "1/2-1/2"]
1.d4 d5
2.Nb1c3 Ng8f6
3.Bc1f4 c6
4.e3 Bc8f5
5.Ng1e2 Nb8d7
6.Ne2g3 Bf5g6
7.Bf1d3 Bg6xd3
8.Qd1xd3 e6
9.a3 h6
10.O-O Bf8e7
11.e4 dxe4
12.Nc3xe4 Nf6xe4
13.Ng3xe4 Nd7f6
14.Ra1d1 Nf6xe4
15.Qd3xe4 Be7f6
16.Bf4e5 Bf6xe5
17.dxe5 Qd8c7
18.Rd1d3 O-O
19.Rf1d1 Ra8d8
20.Qe4e3 Rd8xd3
21.Rd1xd3 Rf8d8
22.Rd3xd8 { nul }1/2-1/2

[Event "Coupe Niveau 2"]
[Site "www.echecsemail.com"]
[Date "2026.02.06"]
[Round "1"]
[White "Panchoa"]
[Black "Patau"]
[WhiteElo "1630"]
[BlackElo "1710"]
[Result "0-1"]
1.e4 e5
2.Ng1f3 Ng8f6
3.Nb1c3 Bf8b4
4.Bf1c4 Bb4xc3
5.dxc3 Nb8c6
6.O-O Nf6xe4
7.Bc4d5 Ne4c5
8.b4 Nc5e6
9.Bd5xe6 dxe6
10.b5 Qd8xd1
11.Rf1xd1 Nc6a5
12.Nf3xe5 O-O
13.Bc1b2 c6
14.Bb2a3 cxb5
15.Ba3xf8 Kxf8
16.Rd1d8 Ke7
17.Ra1d1 Kf6
18.f4 Na5c4
19.Ne5xc4 bxc4
20.Rd1d4 b5
21.g4 Bc8b7
22.g5 Kg6
23.Rd8f8 Ra8xf8
{ abandon }0-1

[Event "Marmotte chess  3"]
[Site "www.echecsemail.com"]
[Date "2026.02.06"]
[Round "1"]
[White "Abelito"]
[Black "Daimyo"]
[WhiteElo "1580"]
[BlackElo "1390"]
[Result "0-1"]
1.e4 e5
2.Bf1c4 Ng8f6
3.Nb1c3 c6
4.Ng1f3 d6
5.d4 Bf8e7
6.O-O Bc8g4
7.d5 c5
8.Bc4b5 Nb8d7
9.Qd1d3 O-O
10.Qd3e3 Nd7b6
11.b3 Bg4h5
12.Nf3h4 Nf6g4
13.Qe3h3 Be7xh4
14.g3 Bh4f6
15.Qh3xh5 Ng4h6
16.a4 a6
17.Bb5e2 Kh8
18.Bc1d2 Nh6g8
19.h4 g6
20.Qh5g4 Ng8e7
21.Be2f3 Rf8g8
22.a5 Nb6d7
23.Nc3a4 h5
24.Qg4h3 b5
25.Na4c3 Ra8b8
26.g4 b4
27.Nc3e2 hxg4
28.Bf3xg4 Rb8b7
29.h5 g5
30.Ne2g3 Rg8g7
31.Ng3f5 Ne7xf5
32.Bg4xf5 Nd7f8
33.h6 Rg7g8
34.h7 Rg8g7
35.c4 bxc3
36.Bd2xc3 Nf8g6
37.f3 Rb7xb3
38.Rf1c1 Ng6f4
39.Qh3g4 Nf4e2
40.Kg2 Ne2xc3
41.Qg4h5 Rb3b2
42.Kf1 Nc3e2
43.Qh5h2 Qd8b8
44.Rc1b1 Ne2g3
45.Kg1 Rb2xb1
46.Ra1xb1 Qb8xb1
47.Kg2 Ng3xf5
48.exf5 Qb1c2
49.Kg3 Qc2xh2
{ abandon }0-1

[Event "Marmotte chess  3"]
[Site "www.echecsemail.com"]
[Date "2026.02.06"]
[Round "1"]
[White "Daimyo"]
[Black "Abelito"]
[WhiteElo "1390"]
[BlackElo "1580"]
[Result "0-1"]
1.e4 e5
2.Ng1f3 Nb8c6
3.c3 Ng8f6
4.d3 d5
5.Bc1g5 h6
6.Bg5h4 g5
7.Bh4g3 Bc8g4
8.Bf1e2 d4
9.Qd1a4 Bg4d7
10.Qa4d1 g4
11.Nf3h4 h5
12.O-O Bf8c5
13.c4 Nc6b4
14.Nb1d2 Qd8e7
15.b3 Nb4a6
16.Nh4f5 Qe7f8
17.Bg3xe5 Bc5e7
18.a3 Na6c5
19.Be5xc7 Nc5e6
20.Nf5h4 Ne6xc7
21.b4 Nc7e6
22.Nh4f5 Be7d8
23.f3 Bd8c7
24.Nd2b3 Bc7f4
25.g3 Bf4c7
26.f4 Bd7a4
27.Qd1d2 Ba4xb3
28.Be2d1 Bb3xd1
29.Qd2xd1 O-O-O
30.Qd1a4 a6
31.b5 Ne6c5
32.Qa4c2 axb5
33.cxb5 b6
34.e5 Nf6d7
35.a4 f6
36.e6 Nc5xe6
37.a5 Qf8c5
38.Qc2xc5 Nd7xc5
39.a6 Kd7
40.a7 Rd8a8
41.Rf1d1 Nc5b3
42.Ra1a3 Nb3a5
43.Kf2 Na5b7
44.Rd1e1 Nb7a5
45.Nf5h4 Ne6c5
46.Nh4f5 Nc5e6
47.Nf5h4 Bc7d6
48.Ra3a2 Ra8xa7
49.Nh4f5 Bd6b4
50.Re1e2 Bb4c5
{ abandon }0-1

[Event "Tournoi n27428"]
[Site "www.echecsemail.com"]
[Date "2026.02.06"]
[Round "1"]
[White "Voyageur"]
[Black "Wenoketo"]
[WhiteElo "1660"]
[BlackElo "1690"]
[Result "0-1"]
1.d4 d5
2.c4 dxc4
3.e3 Ng8f6
4.Bf1xc4 Nb8c6
5.Ng1f3 e6
6.O-O a6
7.Nb1c3 Bf8e7
8.b3 O-O
9.Bc1b2 h6
10.h3 b5
11.Bc4d3 Bc8b7
12.Bd3c2 Nc6b4
13.a3 Nb4xc2
14.Qd1xc2 Bb7xf3
15.gxf3 Nf6h7
16.Kh2 Be7h4
17.Rf1g1 Qd8d6
18.f4 Bh4f6
19.Nc3e4 Qd6e7
20.Ne4xf6 Nh7xf6
21.e4 Kh8
22.e5 Nf6d5
23.Qc2e2 Nd5xf4
24.Qe2g4 Nf4g6
25.f4 Qe7h4
26.Qg4xh4 Ng6xh4
27.Rg1g4 Nh4f5
28.Ra1g1 Rf8g8
29.b4 Nf5e3
30.Rg4g3 Ne3c4
31.Bb2c1 Ra8d8
32.h4 Rd8xd4
33.Rg3f3 h5
34.Rf3g3 g6
35.Rg3c3 Rg8d8
36.Bc1e3 Nc4xe3
37.Rc3xe3 Rd4d2
38.Kh3 Rd8d4
39.Rg1g5 Rd4xf4
40.Re3c3 Rf4c4
41.Rc3g3 Rc4c2
42.Rg3g2 Rd2xg2
43.Rg5xg2 Rc2xg2
44.Kxg2 Kg7
45.Kg3 f5
46.exf6 Kxf6
47.Kf4 e5
{ abandon }0-1

[Event "Coupe Niveau 6"]
[Site "www.echecsemail.com"]
[Date "2026.02.06"]
[Round "1"]
[White "Jmarcboury"]
[Black "Nicodemouscron"]
[WhiteElo "2240"]
[BlackElo "2110"]
[Result "1-0"]
1.d4 Ng8f6
2.c4 e6
3.Nb1c3 Bf8b4
4.Qd1c2 c5
5.dxc5 Bb4xc5
6.Ng1f3 h6
7.e4 Nb8c6
8.h3 d6
9.Bf1e2 O-O
10.O-O a6
11.Rf1d1 Qd8c7
12.Qc2d3 Rf8d8
13.Bc1e3 Nc6b4
14.Qd3d2 Bc5xe3
15.fxe3 Rd8d7
16.a3 Nb4c6
17.b4 b6
18.Qd2c2 Bc8b7
19.Rd1f1 Rd7d8
20.Nc3d5 exd5
21.cxd5 Qc7d7
22.dxc6 Bb7xc6
23.e5 Nf6d5
24.Qc2d2 Qd7b7
25.e6 fxe6
26.Nf3d4 Bc6d7
27.Qd2d3 Rd8f8
28.Qd3e4 Qb7c8
29.Rf1xf8 Kxf8
30.Ra1f1 Kg8
31.Be2d3 Nd5f6
32.Rf1xf6 gxf6
33.Qe4g6 Kf8
34.Qg6xh6 Ke7
35.Qh6g7 Kd8
36.Qg7xf6 Kc7
37.Bd3e4 Ra8a7
38.Qf6e7 Qc8e8
39.Nd4xe6 Kc8
40.Qe7xe8 Bd7xe8
41.Ne6d4 Ra7e7
42.Be4f5 Be8d7
43.Kf2 Re7e5
44.Bf5d3 a5
45.g4 axb4
46.axb4 Kd8
47.Kf3 Re5e8
48.h4 Ke7
49.h5 Kf6
50.Bd3g6 Re8f8
51.Kf4 Rf8a8
52.g5 Kg7
53.Nd4f5 Bd7xf5
54.Bg6xf5 Ra8a4
55.h6 Kh8
56.g6 { abandon }1-0

[Event "Tournoi n27257"]
[Site "www.echecsemail.com"]
[Date "2026.02.06"]
[Round "1"]
[White "Chomi64"]
[Black "Carlsen10"]
[WhiteElo "1860"]
[BlackElo "1790"]
[Result "0-1"]
1.d4 d5
2.Ng1f3 Ng8f6
3.Nb1d2 e6
4.e3 Bf8e7
5.Bf1d3 O-O
6.e4 dxe4
7.Nd2xe4 Nb8d7
8.Bc1g5 h6
9.Bg5h4 Nf6d5
10.Bh4xe7 Qd8xe7
11.c3 b6
12.Bd3c2 Bc8b7
13.O-O Nd5f6
14.Ne4g3 Rf8e8
15.Rf1e1 Qe7d8
16.Qd1d3 c5
17.Ra1d1 cxd4
18.Nf3xd4 Nd7c5
19.Qd3d2 e5
20.Nd4b5 Qd8xd2
21.Rd1xd2 Re8e7
22.Ng3f5 Re7d7
23.Rd2xd7 Nc5xd7
24.Nf5d6 Bb7c6
25.a4 a6
26.Nb5c7 Ra8a7
27.Nc7e8 Nf6xe8
28.Nd6xe8 f6
29.Ne8d6 Nd7c5
30.b3 Ra7d7
31.Nd6f5 Rd7d2
32.Bc2b1 Kf7
33.b4 Nc5d7
34.a5 b5
35.Nf5e3 Ke6
36.Bb1f5 Ke7
37.Re1d1 Rd2xd1
38.Ne3f1 Bc6b7
{ abandon }0-1

[Event "Tournoi n27422"]
[Site "www.echecsemail.com"]
[Date "2026.02.06"]
[Round "1"]
[White "Patbe"]
[Black "Albescab"]
[WhiteElo "1530"]
[BlackElo "1600"]
[Result "1-0"]
1.d4 d5
2.c4 b6
3.Ng1f3 Bc8g4
4.Nf3e5 Ng8f6
5.f3 Bg4f5
6.Qd1a4 Nb8d7
7.cxd5 Nf6xd5
8.Ne5c6 Qd8c8
9.e4 Bf5xe4
10.fxe4 Nd5f6
11.Bf1a6 Qc8xa6
12.Qa4xa6 e5
13.dxe5 Nf6xe4
14.Bc1f4 b5
15.Qa6b7 Nd7b6
16.Nc6xa7 Bf8c5
17.Qb7c6 Ke7
18.Na7xb5 Rh8e8
19.Qc6xe4 g6
20.Nb5xc7 Kf8
21.Nc7xe8 Ra8xe8
22.Qe4c6 Bc5b4
23.Bf4d2 Re8xe5
24.Kd1 Nb6d5
25.Bd2xb4 Nd5xb4
26.Qc6d6 Re5e7
27.Qd6xb4 h5
28.Rh1e1 { abandon }1-0

[Event "Tournoi n27424"]
[Site "www.echecsemail.com"]
[Date "2026.02.06"]
[Round "1"]
[White "Tiounet"]
[Black "Nogean"]
[WhiteElo "1570"]
[BlackElo "1660"]
[Result "0-1"]
1.a3 Ng8f6
2.b4 b5
3.Bc1b2 e6
4.e3 a6
5.Ng1f3 Bf8e7
6.g3 Bc8b7
7.Bf1g2 O-O
8.O-O Nb8c6
9.d3 Qd8c8
10.Nb1d2 a5
11.bxa5 Ra8xa5
12.Nd2b3 Ra5a8
13.Rf1e1 b4
14.axb4 Be7xb4
15.c3 Ra8xa1
16.Bb2xa1 Bb4e7
17.Nf3d4 Nc6xd4
18.Nb3xd4 Bb7xg2
19.Kxg2 Qc8b7
20.Kg1 c5
21.Nd4f3 d6
22.Qd1a4 Rf8a8
23.Qa4d1 Ra8a2
24.e4 Nf6g4
25.Nf3d2 Ng4e5
26.Nd2f3 Ne5xf3
27.Qd1xf3 Qb7a7
28.c4 Ra2xa1
29.Re1xa1 Qa7xa1
30.Kg2 Be7f6
31.Qf3f4 Qa1d4
32.Qf4f3 Bf6g5
33.h4 Bg5d2
34.Qf3e2 Bd2b4
35.f3 Qd4e5
36.Qe2a2 g6
37.g4 Qe5d4
38.Qa2a8 Kg7
39.g5 Qd4xd3
40.Kg3 Bb4e1
41.Kg4 Qd3f1
42.Qa8d8 Qf1g2
43.Kf4 Be1d2
0-1

[Event "Eq:Les enfants de l Atlantide-LES CHATTERBOX :"]
[Site "www.echecsemail.com"]
[Date "2026.02.06"]
[Round "1"]
[White "Hberlioz"]
[Black "Chronik"]
[WhiteElo "1650"]
[BlackElo "2240"]
[Result "0-1"]
1.e4 e6
2.d4 d5
3.e5 c5
4.Ng1f3 Nb8c6
5.Bf1b5 Bc8d7
6.Nb1c3 cxd4
7.Nf3xd4 Nc6xe5
8.Bb5xd7 Ne5xd7
9.O-O a6
10.Rf1e1 Bf8e7
11.Bc1e3 Ng8f6
12.Be3g5 O-O
13.Qd1e2 Be7c5
14.Nd4f3 Qd8c7
15.a3 Ra8c8
16.Bg5xf6 Nd7xf6
17.Nc3a4 Bc5a7
18.Na4c3 Nf6g4
19.Re1f1 d4
20.Nc3e4 Qc7xc2
21.Nf3d2 Ng4h6
22.b4 Qc2a4
23.Qe2h5 Rc8c2
24.Kh1 Qa4c6
25.f3 f5
26.Ne4g5 Rc2xd2
27.Rf1e1 Rf8e8
28.Ra1c1 Qc6d7
29.Rc1c7 g6
30.Rc7xd7 gxh5
31.Rd7xh7 d3
32.Rh7d7 Ba7f2
33.Re1c1 Bf2e3
34.h4 Rd2c2
{ abandon }0-1

[Event "Tournoi n27409"]
[Site "www.echecsemail.com"]
[Date "2026.02.06"]
[Round "1"]
[White "Crocro34"]
[Black "Smaug"]
[WhiteElo "1460"]
[BlackElo "1410"]
[Result "1-0"]
1.e4 d5
2.f3 dxe4
3.fxe4 b6
4.Nb1c3 e6
5.d4 Bc8b7
6.Bc1f4 Qd8h4
7.g3 Qh4d8
8.Qd1e2 Bf8d6
9.O-O-O Nb8d7
10.Bf1h3 c5
11.Bf4xd6 Ng8f6
12.Ng1f3 h6
13.e5 Nf6d5
14.Nc3b5 Bb7a6
15.Nb5c7 { abandon }1-0

[Event "Eq:modesty-O fou d hello :"]
[Site "www.echecsemail.com"]
[Date "2026.02.06"]
[Round "1"]
[White "Yab414"]
[Black "Breitenbach"]
[WhiteElo "1600"]
[BlackElo "2240"]
[Result "0-1"]
1.e4 c6
2.Bf1c4 d5
3.exd5 cxd5
4.Bc4e2 Nb8c6
5.Ng1f3 e5
6.d3 Bf8d6
7.O-O Ng8f6
8.Bc1g5 h6
9.Bg5d2 Qd8c7
10.Nb1c3 a6
11.a3 e4
12.dxe4 dxe4
13.Nf3e1 Bd6xh2
14.Kh1 Bh2e5
15.Bd2e3 Bc8e6
16.Ra1b1 Ra8d8
17.Qd1c1 Nc6d4
18.Be3xd4 Be5xd4
19.f3 Qc7g3
20.f4 Qg3h4
0-1

[Event "BERNARD MAS"]
[Site "www.echecsemail.com"]
[Date "2026.02.06"]
[Round "1"]
[White "Intrigue"]
[Black "Patau"]
[WhiteElo "1720"]
[BlackElo "1670"]
[Result "1-0"]
1.f4 e5
2.fxe5 d6
3.exd6 Bf8xd6
4.Ng1f3 g5
5.g3 g4
6.Nf3h4 Ng8f6
7.Bf1g2 O-O
8.O-O Bc8e6
9.e4 Bd6c5
10.Kh1 Nb8c6
11.d3 Nc6d4
12.Nb1c3 Qd8e7
13.Bc1g5 Nd4f3
14.Bg2xf3 gxf3
15.Qd1xf3 Bc5d4
16.Bg5xf6 Bd4xf6
17.Qf3xf6 Qe7xf6
18.Rf1xf6 Kg7
19.Ra1f1 Ra8d8
20.Rf6f2 c6
21.Nh4f5 Be6xf5
22.Rf2xf5 f6
23.Nc3e2 Rd8e8
24.Ne2f4 { abandon }1-0

[Event "Coupe Niveau 6"]
[Site "www.echecsemail.com"]
[Date "2026.02.06"]
[Round "1"]
[White "Nicodemouscron"]
[Black "Alain64"]
[WhiteElo "2110"]
[BlackElo "2090"]
[Result "1/2-1/2"]
1.e4 c5
2.Ng1f3 Nb8c6
3.d4 cxd4
4.Nf3xd4 d6
5.c4 Ng8f6
6.Nb1c3 g6
7.f3 Bf8g7
8.Bc1e3 a6
9.Qd1d2 e5
10.Nd4xc6 bxc6
11.Ra1d1 O-O
12.Qd2xd6 Qd8xd6
13.Rd1xd6 Bc8b7
14.Bf1e2 Rf8d8
15.Rd6xd8 Ra8xd8
16.Be3b6 Rd8d7
17.Nc3a4 Bg7f8
18.Na4c5 Bf8xc5
19.Bb6xc5 Nf6h5
20.g3 Nh5g7
21.Bc5e3 Ng7e6
22.Kf2 c5
23.Be3h6 Ne6d4
24.Rh1d1 f5
25.exf5 gxf5
26.a3 Kf7
27.b4 cxb4
28.axb4 Ke6
29.Bh6e3 Nd4xe2
30.Rd1xd7 Kxd7
31.Kxe2 Ke6
32.h4 e4
33.fxe4 Bb7xe4
34.Be3d4 h5
35.Ke3 Be4c2
36.Kf4 Bc2d3
37.c5 Bd3e2
38.Bd4f2 Be2g4
39.Ke3 Kd5
40.Kd3 Bg4h3
41.Kc3 Bh3f1
42.Kb3 Bf1b5
43.Kc3 { nul }1/2-1/2

[Event "Tournoi n27446"]
[Site "www.echecsemail.com"]
[Date "2026.02.06"]
[Round "1"]
[White "Mokanne"]
[Black "Tiounet"]
[WhiteElo "1420"]
[BlackElo "1630"]
[Result "0-1"]
1.e4 a6
2.Bf1c4 b5
3.Bc4d5 c6
4.Bd5b3 Ng8f6
5.Qd1f3 e6
6.d3 g6
7.Bc1g5 Bf8e7
8.e5 Nf6d5
9.Bg5xe7 Nd5xe7
10.Nb1d2 O-O
11.d4 Bc8b7
12.Qf3e2 Qd8c7
13.Ng1f3 a5
14.a3 Nb8a6
15.Bb3a2 c5
16.c3 c4
17.O-O Ne7d5
18.Ba2b1 Nd5f4
19.Bb1e4 Nf4xe2
{ abandon }0-1

[Event "Tournoi n27351"]
[Site "www.echecsemail.com"]
[Date "2026.02.06"]
[Round "1"]
[White "Brettsinclair"]
[Black "Verson"]
[WhiteElo "1880"]
[BlackElo "1840"]
[Result "1-0"]
1.b3 d5
2.Bc1b2 Ng8f6
3.Ng1f3 e6
4.g3 Bf8d6
5.d3 O-O
6.Bf1g2 c6
7.Nb1d2 Nb8d7
8.e4 e5
9.Qd1e2 Rf8e8
10.O-O Qd8c7
11.h3 Nd7f8
12.Nf3h4 d4
13.Nh4f5 Bc8e6
14.Nf5xd6 Qc7xd6
15.a4 Qd6d7
16.Kh2 Qd7d6
17.Bb2a3 Qd6c7
18.Nd2f3 c5
19.b4 b6
20.b5 a6
21.bxa6 Ra8xa6
22.c4 Qc7d7
23.Nf3xe5 Qd7d6
24.f4 Re8a8
25.Ne5xf7 Be6xf7
26.e5 Qd6e7
27.Bg2xa8 Ra6xa8
28.Qe2f3 Nf6d7
29.Qf3xa8 Qe7e8
30.Qa8g2 Qe8e6
31.Qg2d2 Bf7g6
32.Ra1e1 Qe6f5
33.a5 bxa5
34.Re1e4 Qf5h5
35.Re4e2 Bg6f5
36.h4 Qh5g4
37.Kg2 Qg4h3
38.Kf2 Qh3g2
39.Kxg2 Nf8e6
40.Rf1b1 { abandon }1-0

[Event "020226"]
[Site "www.echecsemail.com"]
[Date "2026.02.06"]
[Round "1"]
[White "4x4"]
[Black "Turbo"]
[WhiteElo "1430"]
[BlackElo "1370"]
[Result "1-0"]
1.Nb1c3 e5
2.e4 Nb8c6
3.d3 Nc6d4
4.Bc1e3 Bf8c5
5.Ng1e2 d6
6.Ne2xd4 exd4
7.Be3d2 Ng8f6
8.Nc3d5 O-O
9.c4 c6
10.Nd5xf6 Qd8xf6
11.f4 Qf6h4
12.g3 Qh4e7
13.a3 b5
14.b4 Bc5b6
15.c5 dxc5
16.Bf1g2 f5
17.e5 g5
18.fxg5 Qe7xe5
19.Qd1e2 Qe5c7
20.O-O-O cxb4
21.Bd2xb4 Qc7f7
22.Bb4xf8 Kxf8
23.Bg2xc6 Ra8b8
24.Rh1e1 Kg7
25.Qe2e5 Kf8
26.Qe5xb8 Kg7
27.Re1e5 Kg6
28.Bc6e8 { abandon }1-0

[Event "Tournoi n27425"]
[Site "www.echecsemail.com"]
[Date "2026.02.06"]
[Round "1"]
[White "Speedyfil"]
[Black "Mokanne"]
[WhiteElo "1440"]
[BlackElo "1450"]
[Result "0-1"]
1.d4 d5
2.Nb1c3 e6
3.Bc1f4 Bc8d7
4.Ng1f3 Bf8e7
5.e3 Be7b4
6.Bf1d3 a6
7.O-O Bb4xc3
8.bxc3 Ng8f6
9.Ra1b1 Bd7c6
10.Nf3e5 Nb8d7
11.h3 Nd7xe5
12.Bf4xe5 O-O
13.f4 Nf6e8
14.Rf1f3 f6
15.Bd3xh7 Kxh7
16.Rf3g3 Ne8d6
17.Qd1h5 Kg8
18.Qh5g6 Nd6f5
19.Kf2 Bc6e8
20.Qg6g4 fxe5
21.Rg3f3 Qd8h4
22.Rf3g3 Qh4xg3
23.Qg4xg3 Nf5xg3
24.Kxg3 exf4
25.exf4 Be8c6
26.h4 b5
27.Kg4 Rf8f5
28.Rb1e1 Bc6d7
29.h5 Ra8f8
30.g3 Kf7
31.Re1h1 Rf8h8
32.Rh1e1 g6
33.hxg6 Kxg6
34.Kf3 Rh8h2
{ abandon }0-1

[Event "BERNARD MAS"]
[Site "www.echecsemail.com"]
[Date "2026.02.06"]
[Round "1"]
[White "4x4"]
[Black "Pgo"]
[WhiteElo "1490"]
[BlackElo "1750"]
[Result "0-1"]
1.d4 d5
2.e3 Bc8f5
3.Bf1d3 Ng8h6
4.e4 dxe4
5.Bd3c4 Nb8c6
6.c3 e6
7.Bc1xh6 gxh6
8.Bc4b5 a6
9.Bb5xc6 bxc6
10.Nb1d2 Bf8g7
11.Ng1e2 O-O
12.Nd2c4 Ra8b8
13.Qd1c1 Qd8g5
14.Qc1xg5 hxg5
15.b3 h5
16.O-O-O Bf5g4
17.f3 exf3
18.gxf3 Bg4xf3
19.Rh1e1 h4
20.Nc4a5 Rb8b6
21.c4 e5
22.d5 cxd5
23.c5 Rb6b5
24.Rd1d3 Bf3xe2
25.Re1xe2 Rb5xa5
26.b4 Ra5b5
27.a3 c6
28.Kc2 e4
29.Rd3d1 a5
30.a4 Rb5xb4
31.Rd1b1 Rb4xa4
32.Rb1b6 Ra4a2
33.Kd1 Ra2xe2
34.Kxe2 Rf8c8
35.Ke3 f5
36.h3 d4
37.Kd2 d3
38.Rb6a6 Bg7d4
39.Ra6xa5 g4
40.hxg4 fxg4
41.Ke1 Bd4c3
42.Kf2 Bc3xa5
43.Ke3 Rc8e8
44.Kf4 d2
45.Kxg4 d1Q
46.Kf4 Qd1f3
47.Kg5 Qf3g3
48.Kf5 e3
49.Kf6 Ba5c3
50.Kf5 Re8e5
51.Kf6 Qg3g5
0-1